संत सेना महाराज अभंगगाथा (Record no. 46807)

MARC details
000 -LEADER
fixed length control field 00490nam a2200169Ia 4500
008 - FIXED-LENGTH DATA ELEMENTS--GENERAL INFORMATION
fixed length control field 220531s9999 xx 000 0 und d
041 ## - LANGUAGE CODE
Language code of text/sound track or separate title eng
100 ## - MAIN ENTRY--PERSONAL NAME
Personal name गुळवणे, श्रीराम
9 (RLIN) 85125
245 ## - TITLE STATEMENT
Title संत सेना महाराज अभंगगाथा
250 ## - EDITION STATEMENT
Edition statement 1ST
260 ## - PUBLICATION, DISTRIBUTION, ETC. (IMPRINT)
Place of publication, distribution, etc. Pune
Name of publisher, distributor, etc. Geeta Dharma Mandal
Date of publication, distribution, etc. 2000
300 ## - PHYSICAL DESCRIPTION
Extent 183
542 ## - INFORMATION RELATING TO COPYRIGHT STATUS
Copyright holder 05-02-2016
650 ## - SUBJECT ADDED ENTRY--TOPICAL TERM
Topical term or geographic name as entry element Abhangachi Gatha
9 (RLIN) 85126
906 ## - LOCAL DATA ELEMENT F, LDF (RLIN)
d 2015-2016
f 8621
Holdings
Withdrawn status Lost status Source of classification or shelving scheme Damaged status Not for loan Collection code Home library Current library Date acquired Vendor Cost, normal purchase price Total Checkouts Total Holds Full call number Barcode Date last seen Cost, replacement price Bill Date Koha item type Original Barcode
    Dewey Decimal Classification       Shri Siddhivinayak Mahila Mahavidyalaya Shri Siddhivinayak Mahila Mahavidyalaya 05/02/2016 Ranade, P.B. 200.00   1 /25290 SSMM-BK-25290 06/08/2022 200.00 06/08/2022 Books 010025290